| 000 | 00870nas a2200265 4500 | ||
|---|---|---|---|
| 001 | BR2011003124 | ||
| 003 | BR-BrBNA | ||
| 005 | 20231205115330.0 | ||
| 007 | ta | ||
| 008 | 230509b bl.|||p| |||| 00| 00por d | ||
| 040 |
_aBR-BrBNA _bpor _cBiblioteca Nacional de Agricultura |
||
| 041 | _a(Pt) | ||
| 072 | _aL70 | ||
| 100 | 1 | _aPereira, D.A. | |
| 100 | 1 | _aMarques, J.A. | |
| 245 | 1 | _aUso de morfina, xilazina e meloxicam para o controle da dor pós-operatória em cadelas submetidas à ovariossalpingo-histerectomia | |
| 650 | _aCÃO | ||
| 650 | _aANÁLISE ESTATÍSTICA | ||
| 650 | _aANESTESICO | ||
| 650 | _aSTRESS | ||
| 650 | _aMEDICAMENTO | ||
| 773 | 0 |
_tArquivo Brasileiroo de Medicina Veterinária e Zootecnia (Brazil) _xISSN 0102-0935 _g(Apr 2009), v. 61(2) p. 353-361 _wBR2011003124 |
|
| 909 |
_a202311 _bLúcia _c55 _dLúcia Elande |
||
| 942 |
_2AGRIS _n0 _cANA |
||
| 999 |
_c213267 _d213267 |
||